Historia del primero de mayo / (Record no. 41753)

MARC details
000 -LEADER
campo de control de longitud fija 00738cam a2200265Mu 4500
001 - NÚMERO DE CONTROL
campo de control 43854
005 - FECHA Y HORA DE LA ÚLTIMA TRANSACCIÓN
campo de control 20230410115450.0
008 - DATOS DE LONGITUD FIJA--INFORMACIÓN GENERAL
campo de control de longitud fija 930809s1976 sp 000 0 spa d
020 ## - NÚMERO INTERNACIONAL ESTÁNDAR DEL LIBRO
Número Internacional Estándar del Libro 8472223094
035 ## - NÚMERO DE CONTROL DEL SISTEMA
Número de control de sistema (OCoLC)ocm83774013
040 ## - FUENTE DE CATALOGACIÓN
Centro catalogador/agencia de origen NeAmISG
Centro/agencia transcriptor NEIGS
035 ## - NÚMERO DE CONTROL DEL SISTEMA
Número de control de sistema (OCoLC)83774013
050 14 - SIGNATURA TOPOGRÁFICA DE LA BIBLIOTECA DEL CONGRESO
Número de clasificación HD 7991
Número de ítem D672h 1976
100 0# - ENTRADA PRINCIPAL--NOMBRE DE PERSONA
Nombre de persona Dommanget, Maurice,
Fechas asociadas al nombre 1888-
245 10 - MENCIÓN DEL TÍTULO
Título Historia del primero de mayo /
Mención de responsabilidad, etc. Maurice Dommanget.
250 ## - MENCION DE EDICION
Mención de edición 2a ed.
260 ## - PUBLICACIÓN, DISTRIBUCIÓN, ETC.
Lugar de publicación, distribución, etc. Barcelona :
Nombre del editor, distribuidor, etc. Editoria Laia,
Fecha de publicación, distribución, etc. 1976
300 ## - DESCRIPCIÓN FÍSICA
Extensión 369 p.
440 #0 - MENCIÓN DE SERIE/PUNTO DE ACCESO ADICIONAL--TÍTULO
Título Ediciones de bolsillo ;
Designación de volumen o secuencia 471
500 ## - NOTA GENERAL
Nota general Traducción de: Histoire du premier mai.
650 #0 - PUNTO DE ACCESO ADICIONAL DE MATERIA--TÉRMINO DE MATERIA
Término de materia o nombre geográfico como elemento de entrada May Day (Labor holiday)
942 ## - ELEMENTOS DE ENTRADA SECUNDARIOS (KOHA)
Fuente del sistema de clasificación o colocación Clasificación de Library of Congress
Tipo de ítem Koha
946 ## - PROCESAMIENTO DE INFORMACIÓN LOCAL (OCLC)
a clperez
994 ## -
-- C0
-- DRFGD
Holdings
Estatus retirado Estado de pérdida Fuente del sistema de clasificación o colocación Estado de daño No para préstamo Colección Biblioteca de origen Biblioteca actual Ubicación en estantería Fecha de adquisición Serial enumeration / chronology Signatura topográfica completa Código de barras Visto por última vez Copia número Tipo de ítem Koha
    Clasificación de Library of Congress     Ciencias Sociales Biblioteca Juan Bosch Biblioteca Juan Bosch Ciencias Sociales (3er. Piso) 10/04/2023 1 HD 7991 D672h 1976 00000044563 24/10/2018 1